000 00648nam a2200229Ia 4500
005 20260704175958.0
008 260704s9999||||xx |||||||||||||| ||und||
020 _a9780241951774
_qpbk
082 _a909
_bMAC
100 _aMacGregor, Neil
245 2 _aA history of the world in 100 objects
260 _aLondon
_bPenguin Books
_c2012
300 _axxvi, 613p. ; 20cm.
653 _aAntiquities, Prehistoric
653 _aArchaeology, Medieval
653 _aCeremonial objects
653 _aClassical antiquities
653 _aClassical antiquities
653 _aMaterial culture — History
653 _aWorld history
942 _cBK
999 _c57404
_d57404